000 00498nam a2200181Ia 4500
005 20250317131214.0
008 008 250317s9999 xx 000 0 eng d
037 _aTextbook
040 _aFMSL
_beng
_cFMSL
041 _aeng
_2eng
084 _aX:8D M41
_qFMSL
100 _aHiggins R C
_9738139
245 0 _aAnalysis for ficial management
260 _aUSA
_bUSA, Richard D Irwin
_c1984
300 _a264p
942 _cTB
_hX:8D M41
999 _c1267136
_d1267136